[Event "Bundesliga 0001"]
[Site "Germany"]
[Date "2000.10.15"]
[Round "2.8"]
[White "Schmenger, Felix"]
[Black "Schmidt, Bodo"]
[Result "1/2-1/2"]
[WhiteElo "2257"]
[BlackElo "2368"]
[PlyCount "84"]
[EventDate "2000.10.14"]
[EventType "team-tourn"]
[EventRounds "15"]
[EventCountry "GER"]
[SourceTitle "CBM 082 Extra"]
[Source "ChessBase"]
[SourceDate "2001.07.03"]
[SourceVersion "1"]
[SourceVersionDate "2001.07.03"]
[SourceQuality "1"]
[WhiteTeam "Baiertal/Schatthausen"]
[BlackTeam "Godesberg"]
[WhiteTeamCountry "GER"]
[BlackTeamCountry "GER"]

1. e4 e6 2. d4 d5 3. Nc3 Bb4 4. e5 c5 5. a3 Bxc3+ 6. bxc3 Qc7 7. Nf3 Ne7 8. a4 Nbc6 9. Ba3 cxd4 10. cxd4 Qa5+ 11. Qd2 Qxd2+ 12. Kxd2 Bd7 13. a5 a6 14. Bd3 Na7 15. c3 Bb5 16. Bc2 Nec6 17. Bc5 f6 18. Rhe1 Kf7 19. h4 Nb8 20. c4 Bxc4 21. exf6 gxf6 22. Bf5 Re8 23. Bxh7 Nd7 24. Bxa7 Rxa7 25. h5 Nf8 26. Bc2 b5 27. axb6 Rb7 28. Ra3 Rxb6 29. h6 Ng6 30. Ng5+ fxg5 31. Rf3+ Nf4 32. g3 e5 33. dxe5 Rxh6 34. gxf4 gxf4 35. Rxf4+ Ke7 36. Rf6 Reh8 37. Rxh6 Rxh6 38. f4 Rh2+ 39. Kc3 Rf2 40. f5 Bb5 41. Bb1 Rf4 42. Rh1 d4+ 1/2-1/2

[Event "Bundesliga 0001"]
[Site "Germany"]
[Date "2000.10.14"]
[Round "1.8"]
[White "Van den Doel, Erik"]
[Black "Schmenger, Felix"]
[Result "1-0"]
[WhiteElo "2547"]
[BlackElo "2257"]
[PlyCount "117"]
[EventDate "2000.10.14"]
[EventType "team-tourn"]
[EventRounds "15"]
[EventCountry "GER"]
[SourceTitle "CBM 082 Extra"]
[Source "ChessBase"]
[SourceDate "2001.07.03"]
[SourceVersion "1"]
[SourceVersionDate "2001.07.03"]
[SourceQuality "1"]
[WhiteTeam "Koeln Porz"]
[BlackTeam "Baiertal/Schatthausen"]
[WhiteTeamCountry "GER"]
[BlackTeamCountry "GER"]

1. e4 c5 2. Nf3 Nc6 3. d4 cxd4 4. Nxd4 g6 5. c4 Nf6 6. Nc3 Nxd4 7. Qxd4 d6 8. Be2 Bg7 9. Be3 0-0 10. Qd2 Be6 11. Rc1 Qa5 12. f3 Rfc8 13. b3 a6 14. Na4 Qxd2+ 15. Kxd2 Nd7 16. g4 Rf8 17. h4 f5 18. exf5 gxf5 19. g5 f4 20. Bf2 Rf5 21. Nc3 Bxc3+ 22. Kxc3 b5 23. cxb5 axb5 24. Kb2 b4 25. Rc7 Re5 26. Re1 Bf5 27. h5 Rea5 28. Ra1 Ne5 29. Be1 Bd3 30. Bd1 Rb8 31. a3 bxa3+ 32. Rxa3 Rxa3 33. Kxa3 Bf5 34. Ba5 e6 35. Be2 Nf7 36. b4 Nxg5 37. b5 e5 38. b6 e4 39. Bc4+ Kf8 40. Ra7 exf3 41. b7 Be4 42. Bc7 Rxb7 43. Bxd6+ Ke8 44. Ra5 Kd7 45. Bxf4 Ne6 46. Be3 Rc7 47. Kb3 Kd6 48. Bf2 Rc6 49. Kb4 Rc8 50. Bg3+ Ke7 51. Re5 Rxc4+ 52. Kxc4 Bb7 53. Ra5 Be4 54. Kc3 Kf7 55. Kd2 Ng7 56. Ke3 Bc6 57. Rc5 Be8 58. Rc7+ Kf6 59. Bh4+ 1-0

[Event "BL2-Sued 9900"]
[Site "Germany"]
[Date "2000.01.30"]
[Round "5.7"]
[White "Schuh, Hubert"]
[Black "Schmenger, Felix"]
[Result "0-1"]
[WhiteElo "2312"]
[BlackElo "2262"]
[PlyCount "74"]
[EventDate "1999.10.10"]
[EventType "team-tourn"]
[EventRounds "9"]
[EventCountry "GER"]
[SourceTitle "CBM 074 Extra"]
[Source "ChessBase"]
[SourceDate "2000.03.10"]
[SourceVersion "2"]
[SourceVersionDate "2000.03.10"]
[SourceQuality "1"]
[WhiteTeam "Freiburg Zaehringen"]
[BlackTeam "Baiertal/Schatthausen"]
[WhiteTeamCountry "GER"]
[BlackTeamCountry "GER"]

1. d4 Nf6 2. Nf3 g6 3. c4 Bg7 4. Nc3 d5 5. cxd5 Nxd5 6. g3 c5 7. Bg2 cxd4 8. Nxd4 Nxc3 9. bxc3 0-0 10. Qb3 e5 11. Nb5 a6 12. Qa3 Nc6 13. Nd6 Qc7 14. Rb1 Rd8 15. Nxc8 Raxc8 16. 0-0 Na5 17. c4 Nxc4 18. Qa4 Na5 19. Bg5 Rd4 20. Qa3 Nc4 21. Qf3 e4 22. Qb3 b5 23. Rfc1 Qd7 24. Rd1 h6 25. Bf4 g5 26. Rxd4 Qxd4 27. Rd1 Qc5 28. Bc1 f5 29. a4 Bd4 30. e3 Bg7 31. g4 bxa4 32. Qxa4 fxg4 33. Bxe4 Ne5 34. Qxa6 Nf3+ 35. Kg2 Rf8 36. Qa2+ Kh8 37. Rd5 Qxc1 0-1

[Event "BL2-Sued 9899"]
[Site "Germany"]
[Date "1999.03.21"]
[Round "8.7"]
[White "Reinhardt, Bernd"]
[Black "Schmenger, Felix"]
[Result "1-0"]
[WhiteElo "2305"]
[BlackElo "2265"]
[PlyCount "81"]
[EventDate "1998.10.18"]
[EventType "team-tourn"]
[EventRounds "9"]
[EventCountry "GER"]
[SourceTitle "GER-chT2"]
[Source "ChessBase"]
[SourceDate "1999.07.01"]
[SourceVersion "1"]
[SourceVersionDate "1999.07.01"]
[SourceQuality "1"]
[WhiteTeam "Eppingen"]
[BlackTeam "Baiertal"]
[WhiteTeamCountry "GER"]
[BlackTeamCountry "GER"]

1. g3 g6 2. Bg2 Bg7 3. c4 e5 4. Nc3 d6 5. Nf3 f5 6. 0-0 Nf6 7. b4 0-0 8. Ba3 Nc6 9. b5 Ne7 10. Qb3 h6 11. c5+ Kh7 12. Rac1 f4 13. cxd6 cxd6 14. Qb4 Nf5 15. e4 fxe3 16. dxe3 a5 17. Qa4 Be6 18. e4 Nd4 19. Nxd4 exd4 20. Ne2 Ng4 21. Nxd4 Bxa2 22. Nf3 Rf7 23. Rcd1 Qc8 24. Bxd6 Qc4 25. Qa3 Bb3 26. Rd5 Qc2 27. Rd2 Qc3 28. Rc1 Rxf3 29. Rxc3 Rxc3 30. e5 Nxe5 31. Bxe5 Bxe5 32. Rd7+ Bg7 33. Bxb7 Re8 34. Qxa5 Rc1+ 35. Kg2 Ree1 36. Bd5 Rg1+ 37. Kh3 Rcd1 38. Rxg7+ Kxg7 39. Qc7+ Kf6 40. Bxb3 Rc1 41. Qd6+ 1-0

[Event "Nord West Cup"]
[Site "Germany"]
[Date "1999.02.06"]
[Round "4"]
[White "Ragozin, Evgeni"]
[Black "Schmenger, Felix"]
[Result "1-0"]
[WhiteElo "2486"]
[BlackElo "2265"]
[PlyCount "59"]
[EventDate "1999.??.??"]
[EventType "swiss"]
[EventRounds "6"]
[EventCountry "GER"]
[SourceTitle "EXT 2002"]
[Source "ChessBase"]
[SourceDate "2001.11.25"]
[SourceVersion "1"]
[SourceVersionDate "2001.11.25"]
[SourceQuality "1"]

1. c4 Nf6 2. Nc3 d5 3. d4 g6 4. Bf4 Bg7 5. Rc1 Nh5 6. Be3 dxc4 7. Qa4+ Nc6 8. Rd1 0-0 9. Qxc4 e5 10. Nf3 exd4 11. Nxd4 Nxd4 12. Bxd4 Be6 13. Qa4 Bxd4 14. Rxd4 Qe8 15. Qd1 c5 16. Rd2 Rd8 17. e3 Rxd2 18. Qxd2 Qc6 19. f3 a6 20. Be2 Qb6 21. 0-0 Rd8 22. Qc1 c4 23. Kh1 Nf6 24. e4 Qc5 25. f4 b5 26. f5 Bc8 27. fxg6 Qe5 28. gxf7+ Kxf7 29. Qh6 Rg8 30. Nd5 1-0

[Event "BL2-Sued 9899"]
[Site "Germany"]
[Date "1999.01.10"]
[Round "4.7"]
[White "Schmenger, Felix"]
[Black "Bromberger, Stefan"]
[Result "1/2-1/2"]
[WhiteElo "2265"]
[BlackElo "2288"]
[PlyCount "115"]
[EventDate "1998.10.18"]
[EventType "team-tourn"]
[EventRounds "9"]
[EventCountry "GER"]
[SourceTitle "GER-chT2"]
[Source "ChessBase"]
[SourceDate "1999.07.01"]
[SourceVersion "1"]
[SourceVersionDate "1999.07.01"]
[SourceQuality "1"]
[WhiteTeam "Baiertal"]
[BlackTeam "Tegernsee"]
[WhiteTeamCountry "GER"]
[BlackTeamCountry "GER"]

1. e4 c5 2. Nf3 e6 3. d3 Nc6 4. g3 d5 5. Nbd2 Nge7 6. Bg2 g6 7. 0-0 Bg7 8. Re1 b6 9. c3 Qc7 10. exd5 exd5 11. d4 cxd4 12. Nxd4 Nxd4 13. cxd4 0-0 14. Nf1 Be6 15. Bf4 Qd7 16. Be5 f6 17. Bf4 g5 18. Qe2 Kf7 19. Bd2 Rfe8 20. Rac1 Rad8 21. Ne3 Kg8 22. Qd3 Bf7 23. b4 Kh8 24. b5 f5 25. Nc2 f4 26. gxf4 g4 27. a4 Rc8 28. Ne3 Bg6 29. f5 Rxc1 30. Rxc1 Nxf5 31. Nxf5 Bxf5 32. Qb3 Be4 33. Qg3 Bxg2 34. Kxg2 Qf5 35. Qf4 Qxf4 36. Bxf4 Bxd4 37. Rd1 Bc5 38. Rxd5 Kg8 39. Rd7 Re4 40. Bh6 Rxa4 41. Kg3 a5 42. bxa6 Rxa6 43. Rg7+ Kh8 44. Rxg4 Ra8 45. Bf4 Bd4 46. Bg5 Rg8 47. h4 Be5+ 48. Kf3 Rf8+ 49. Ke4 Bg7 50. Be3 b5 51. Kd5 Rf5+ 52. Ke6 Re5+ 53. Kd6 Rf5 54. Kc6 h5 55. Rb4 Bc3 56. Rxb5 Rxb5 57. Kxb5 Bf6 58. Kc6 1/2-1/2

[Event "BL2-Sued 9798"]
[Site "Germany"]
[Date "1998.??.??"]
[Round "?.5"]
[White "Oberst, Thomas"]
[Black "Schmenger, Felix"]
[Result "0-1"]
[WhiteElo "2315"]
[BlackElo "2245"]
[PlyCount "78"]
[EventDate "1997.10.??"]
[EventType "team-tourn"]
[EventRounds "9"]
[EventCountry "GER"]
[SourceTitle "EXT 1999"]
[Source "ChessBase"]
[SourceDate "1998.11.16"]
[SourceVersion "1"]
[SourceVersionDate "1998.11.16"]
[SourceQuality "1"]
[WhiteTeam "Ulm"]
[BlackTeam "Baiertal"]
[WhiteTeamCountry "GER"]
[BlackTeamCountry "GER"]

1. e4 c5 2. d3 Nc6 3. g3 g6 4. Bg2 Bg7 5. Nc3 Rb8 6. Be3 d6 7. Qd2 b5 8. Nge2 b4 9. Nd1 Nd4 10. 0-0 e6 11. Nc1 Ne7 12. c3 bxc3 13. bxc3 Ndc6 14. Bh6 0-0 15. Bxg7 Kxg7 16. Ne3 Qa5 17. Nb3 Qc7 18. d4 Ba6 19. Rfd1 Rfd8 20. f4 Na5 21. f5 Ng8 22. Qf2 Nc4 23. dxc5 dxc5 24. fxe6 fxe6 25. Nxc5 Qb6 26. Bh3 Kh8 27. Nxc4 Bxc4 28. Rab1 Qxb1 29. Rxb1 Rxb1+ 30. Kg2 Bf1+ 31. Qxf1 Rd2+ 32. Kf3 Rxf1+ 33. Bxf1 Rxa2 34. Nxe6 Rc2 35. c4 a5 36. Bd3 Rxh2 37. c5 a4 38. c6 a3 39. c7 Ne7 0-1

[Event "BL2-Sued 9798"]
[Site "Germany"]
[Date "1998.??.??"]
[Round "?.6"]
[White "Schmenger, Felix"]
[Black "Jauernig, Udo"]
[Result "1-0"]
[WhiteElo "2245"]
[BlackElo "2235"]
[PlyCount "141"]
[EventDate "1997.10.??"]
[EventType "team-tourn"]
[EventRounds "9"]
[EventCountry "GER"]
[SourceTitle "EXT 1999"]
[Source "ChessBase"]
[SourceDate "1998.11.16"]
[SourceVersion "1"]
[SourceVersionDate "1998.11.16"]
[SourceQuality "1"]
[WhiteTeam "Baiertal"]
[BlackTeam "Regensburg SVF"]
[WhiteTeamCountry "GER"]
[BlackTeamCountry "GER"]

1. e4 c5 2. Nf3 e6 3. d3 Nc6 4. g3 d5 5. Nbd2 Nf6 6. Bg2 Be7 7. 0-0 0-0 8. Re1 b5 9. exd5 exd5 10. d4 Qb6 11. c3 cxd4 12. Nxd4 Nxd4 13. cxd4 Re8 14. Nf1 Be6 15. Bf4 Rac8 16. Ne3 Red8 17. g4 Bb4 18. Rf1 Ne4 19. Qd3 Nd2 20. Rfc1 Nc4 21. Nf5 Bf8 22. b3 Na5 23. Rxc8 Rxc8 24. Ne3 Nc6 25. Rd1 Ne7 26. Bg3 b4 27. f4 Rc3 28. Qd2 Qc6 29. f5 Bc8 30. Be1 a5 31. Qf2 Rc1 32. Nxd5 Nxd5 33. Rxc1 Qxc1 34. Bxd5 h5 35. h3 hxg4 36. hxg4 Qg5 37. Qg3 Ba6 38. Kg2 Qd8 39. Qe5 Bd6 40. Qe4 Be7 41. Bc6 Bd6 42. Bf2 Qg5 43. Bd7 Kh7 44. f6+ g6 45. Qc6 Bf4 46. Kg1 Be2 47. Qh1+ Kg8 48. Qe4 Bxg4 49. Qe8+ Kh7 50. Qxf7+ Kh6 51. Qg7+ Kh5 52. Qh7+ Qh6 53. Qxh6+ Bxh6 54. Bc6 Bf8 55. Bg3 Kg5 56. Be5 Bf5 57. d5 Be4 58. Kf2 Kf5 59. Bd4 Bd6 60. f7 Bf8 61. Bd7+ Kf4 62. Be6 Bb1 63. Bg7 Bc5+ 64. Ke2 Bxa2 65. Kd2 Bxb3 66. d6 Bxd6 67. Bxb3 g5 68. f8Q+ Bxf8 69. Bxf8 g4 70. Bd6+ Kf3 71. Bd1+ 1-0

[Event "Staufer op 10th"]
[Site "Schwaebisch Gmuend"]
[Date "1998.??.??"]
[Round "4"]
[White "Zeller, Frank"]
[Black "Schmenger, Felix"]
[Result "1-0"]
[WhiteElo "2455"]
[BlackElo "2230"]
[PlyCount "65"]
[EventDate "1998.01.??"]
[EventType "swiss"]
[EventRounds "9"]
[EventCountry "GER"]
[SourceTitle "CBM 062 Extra"]
[Source "ChessBase"]
[SourceDate "1998.03.09"]
[SourceVersion "1"]
[SourceVersionDate "1998.03.09"]
[SourceQuality "1"]

1. e4 c5 2. Nf3 Nc6 3. d4 cxd4 4. Nxd4 g6 5. c4 Nf6 6. Nc3 Nxd4 7. Qxd4 d6 8. Be3 Bg7 9. f3 0-0 10. Qd2 Be6 11. Rc1 a6 12. Be2 Rc8 13. b3 b5 14. cxb5 axb5 15. 0-0 b4 16. Nb5 Qa5 17. a3 Bxb3 18. axb4 Qa8 19. Nd4 Be6 20. Nxe6 fxe6 21. b5 Qb8 22. Rc6 Rxc6 23. bxc6 d5 24. Rc1 Qc7 25. Qa2 Kh8 26. Qa7 Ne8 27. Qxc7 Nxc7 28. Rb1 Be5 29. f4 Bc3 30. Rb7 Ba5 31. Bg4 dxe4 32. Bd4+ Kg8 33. Rxc7 1-0

[Event "Staufer op 09th"]
[Site "Schwaebisch Gmuend"]
[Date "1997.??.??"]
[Round "8"]
[White "Beutelhoff, Josef"]
[Black "Schmenger, Felix"]
[Result "1/2-1/2"]
[WhiteElo "2115"]
[BlackElo "2255"]
[PlyCount "75"]
[EventDate "1997.01.??"]
[EventType "swiss"]
[EventRounds "9"]
[EventCountry "GER"]
[SourceTitle "EXT 1998"]
[Source "ChessBase"]
[SourceDate "1997.11.17"]
[SourceVersion "1"]
[SourceVersionDate "1997.11.17"]
[SourceQuality "1"]

1. d4 Nf6 2. c4 g6 3. Nc3 d5 4. Bf4 Bg7 5. Nf3 0-0 6. e3 c5 7. dxc5 Qa5 8. Nd2 dxc4 9. Bxc4 Qxc5 10. Qe2 e5 11. Bg5 Bg4 12. f3 Bf5 13. Nb3 Qc7 14. e4 Be6 15. Bxe6 fxe6 16. 0-0 Nc6 17. Be3 Nh5 18. Qc4 Qf7 19. Nb5 Rfd8 20. Rad1 Bf8 21. Bg5 Be7 22. Bxe7 Qxe7 23. Qc5 Qg5 24. Nc7 Nf4 25. g3 Rac8 26. Rxd8+ Qxd8 27. gxf4 Qxc7 28. fxe5 Nxe5 29. Qxc7 Rxc7 30. Rf2 Rd7 31. Kg2 Rd1 32. Rc2 Nd3 33. Rc8+ Kg7 34. Rc7+ Kf6 35. Rxh7 Rb1 36. Rxb7 Rxb2+ 37. Kg3 Rxa2 38. f4 1/2-1/2

[Event "DLM U20"]
[Site "Templin"]
[Date "1997.??.??"]
[Round "?"]
[White "Breder, Dennis"]
[Black "Schmenger, Felix"]
[Result "1/2-1/2"]
[WhiteElo "2155"]
[BlackElo "2245"]
[PlyCount "86"]
[EventDate "1997.11.15"]
[EventType "team-swiss"]
[EventRounds "7"]
[EventCountry "GER"]
[SourceTitle "EXT 2002"]
[Source "ChessBase"]
[SourceDate "2001.11.25"]
[SourceVersion "1"]
[SourceVersionDate "2001.11.25"]
[SourceQuality "1"]

1. e4 c5 2. Nf3 Nc6 3. d4 cxd4 4. Nxd4 g6 5. c4 Nf6 6. Nc3 Nxd4 7. Qxd4 d6 8. f3 Bg7 9. Be3 0-0 10. Qd2 Be6 11. Rc1 a6 12. Be2 Rc8 13. b3 b5 14. Nd5 bxc4 15. Bxc4 Nxd5 16. exd5 Bd7 17. 0-0 Bb5 18. Qe2 Qa5 19. Bxb5 axb5 20. Bg5 b4 21. Qxe7 Qxd5 22. Rcd1 Qa5 23. Bf4 Qxa2 24. Qxd6 Qxb3 25. Rb1 Qa2 26. Rxb4 Rfd8 27. Qb6 Bc3 28. Re4 Qc2 29. Qf2 Qd3 30. Qe2 Bd4+ 31. Kh1 Qc3 32. Bh6 Bg7 33. Bxg7 Kxg7 34. Re7 Qb4 35. Re4 Qd2 36. Qxd2 Rxd2 37. Rg1 Rcc2 38. h3 h5 39. Kh2 Rf2 40. Kg3 g5 41. Re3 Kg6 42. Ra3 f5 43. Ra6+ Kg7 1/2-1/2

[Event "DLM U20"]
[Site "Templin"]
[Date "1997.??.??"]
[Round "?"]
[White "Frank, Wolfgang"]
[Black "Schmenger, Felix"]
[Result "1/2-1/2"]
[WhiteElo "2190"]
[BlackElo "2245"]
[PlyCount "101"]
[EventDate "1997.11.15"]
[EventType "team-swiss"]
[EventRounds "7"]
[EventCountry "GER"]
[SourceTitle "EXT 2002"]
[Source "ChessBase"]
[SourceDate "2001.11.25"]
[SourceVersion "1"]
[SourceVersionDate "2001.11.25"]
[SourceQuality "1"]

1. e4 c5 2. Nc3 Nc6 3. g3 g6 4. Bg2 Bg7 5. d3 d6 6. Be3 e6 7. Qd2 Qa5 8. f4 Nge7 9. Nf3 0-0 10. 0-0 Nd4 11. Nd5 Qd8 12. Nxe7+ Qxe7 13. Nh4 f5 14. c3 Nc6 15. Rae1 Bd7 16. Nf3 Rac8 17. exf5 gxf5 18. d4 cxd4 19. Nxd4 Na5 20. Bf2 Kh8 21. Bd5 e5 22. fxe5 dxe5 23. Nf3 e4 24. Bd4 Nc4 25. Bxc4 Rxc4 26. Bxg7+ Qxg7 27. Nd4 b5 28. a3 a5 29. Qf4 b4 30. axb4 axb4 31. Rxe4 bxc3 32. bxc3 Rxc3 33. Qe5 Qxe5 34. Rxe5 Rd3 35. Nxf5 Rxf5 36. Rfxf5 Bxf5 37. Rxf5 Kg7 38. Kg2 Rd7 39. Kf3 Ra7 40. Kg4 Rb7 41. Kh5 Ra7 42. Rg5+ Kh8 43. h4 Rb7 44. Re5 Kg7 45. Kg5 Ra7 46. Rd5 Rb7 47. h5 Rf7 48. h6+ Kg8 49. g4 Rf8 50. Rd4 Ra8 51. Rd5 1/2-1/2

[Event "Staufer op 09th"]
[Site "Schwaebisch Gmuend"]
[Date "1997.??.??"]
[Round "5"]
[White "Schmenger, Felix"]
[Black "Dittmar, Peter"]
[Result "0-1"]
[WhiteElo "2255"]
[BlackElo "2390"]
[PlyCount "112"]
[EventDate "1997.01.??"]
[EventType "swiss"]
[EventRounds "9"]
[EventCountry "GER"]
[SourceTitle "EXT 1998"]
[Source "ChessBase"]
[SourceDate "1997.11.17"]
[SourceVersion "1"]
[SourceVersionDate "1997.11.17"]
[SourceQuality "1"]

1. e4 e6 2. d4 d5 3. Nc3 Nf6 4. Bg5 Be7 5. e5 Ng8 6. Bxe7 Nxe7 7. f4 b6 8. Nf3 Qd7 9. g3 Ba6 10. Bh3 h5 11. Qd2 Nbc6 12. Nd1 g6 13. Ne3 0-0-0 14. b4 Nf5 15. Bxf5 gxf5 16. a4 Bc4 17. Kf2 h4 18. Nxh4 Rxh4 19. gxh4 Qe7 20. Ke1 Nxb4 21. Rg1 Qxh4+ 22. Qf2 Qh6 23. a5 Kb7 24. Ra4 c5 25. axb6 axb6 26. dxc5 bxc5 27. Nxc4 dxc4 28. Rg3 Qh5 29. Qe2 Qxe2+ 30. Kxe2 Rh8 31. c3 Rxh2+ 32. Kf1 Nd3 33. Rxc4 Rf2+ 34. Kg1 Rxf4 35. Rxf4 Nxf4 36. Rg7 Ne2+ 37. Kf2 Nxc3 38. Ke3 Kc6 39. Rxf7 Kd5 40. Kf4 Kd4 41. Rf8 Nd5+ 42. Kf3 Kxe5 43. Re8 c4 44. Kf2 Nf6 45. Rf8 Nd5 46. Re8 c3 47. Ke1 Nf4 48. Kd1 Kd4 49. Rf8 Nd5 50. Ra8 f4 51. Ra6 e5 52. Ra4+ Kd3 53. Ra5 Nb4 54. Ra4 f3 55. Ra8 f2 56. Rd8+ Ke3 0-1

[Event "BL2-Sued 9697"]
[Site "Germany"]
[Date "1996.??.??"]
[Round "?.5"]
[White "Roth, Juergen Eugen"]
[Black "Schmenger, Felix"]
[Result "1/2-1/2"]
[WhiteElo "2240"]
[BlackElo "2255"]
[PlyCount "94"]
[EventDate "1996.10.??"]
[EventType "team-tourn"]
[EventRounds "9"]
[EventCountry "GER"]
[SourceTitle "GER-chT2"]
[Source "ChessBase"]
[SourceDate "1999.07.01"]
[SourceVersion "1"]
[SourceVersionDate "1999.07.01"]
[SourceQuality "1"]
[WhiteTeam "Tuebingen"]
[BlackTeam "Baiertal"]
[WhiteTeamCountry "GER"]
[BlackTeamCountry "GER"]

1. d4 Nf6 2. c4 g6 3. Nc3 d5 4. Nf3 Bg7 5. Bf4 0-0 6. e3 c5 7. Qb3 dxc4 8. Bxc4 Nc6 9. dxc5 Na5 10. Qb4 Nxc4 11. Qxc4 Qa5 12. b4 Qa3 13. Nd4 Nh5 14. 0-0 a5 15. Rab1 axb4 16. Rxb4 e5 17. Ndb5 Qa6 18. Ra4 Be6 19. Qb4 Qc6 20. Bg5 Rxa4 21. Nxa4 Bxa2 22. Be7 Re8 23. Bd6 f5 24. Nb6 Bf7 25. Na7 Qe4 26. Qxe4 fxe4 27. Rb1 Nf6 28. Nbc8 Be6 29. Ne7+ Kh8 30. Rxb7 Nd5 31. Nxd5 Bxd5 32. Rc7 Kg8 33. Kf1 Bf6 34. Ke2 Bd8 35. Rc8 Kf7 36. Kd2 Bb7 37. Rb8 Ba5+ 38. Kc2 Rxb8 39. Bxb8 Ke6 40. Nb5 Kd5 41. Bd6 Be1 42. f3 exf3 43. gxf3 e4 44. f4 Bc6 45. Nc7+ Kc4 46. Kd1 Ba5 47. Ke2 Bxc7 1/2-1/2

[Event "Hofmann Cup"]
[Site "Baden-Baden"]
[Date "1995.??.??"]
[Round "1"]
[White "Hausrath, Daniel"]
[Black "Schmenger, Felix"]
[Result "1/2-1/2"]
[WhiteElo "2370"]
[BlackElo "2285"]
[PlyCount "86"]
[EventDate "1995.08.17"]
[EventType "k.o. (rapid)"]
[EventRounds "7"]
[EventCountry "GER"]
[SourceTitle "EXT 1997"]
[Source "ChessBase"]
[SourceDate "1996.11.15"]
[SourceVersion "1"]
[SourceVersionDate "1996.11.15"]
[SourceQuality "1"]

1. Nf3 Nf6 2. c4 g6 3. Nc3 d5 4. cxd5 Nxd5 5. e4 Nxc3 6. dxc3 Qxd1+ 7. Kxd1 f6 8. Bc4 e5 9. Be3 Nd7 10. Kc2 Bc5 11. Bh6 Ke7 12. b4 Bd6 13. Rhd1 a5 14. a3 Nb6 15. Bb3 Be6 16. Nd2 Bxb3+ 17. Kxb3 Ra7 18. Be3 axb4 19. axb4 Ra6 20. Bxb6 cxb6 21. Nc4 b5 22. Nxd6 Rxd6 23. Rxd6 Kxd6 24. Rd1+ Kc6 25. Rd5 Ra8 26. Rc5+ Kb6 27. Rd5 Rc8 28. Rd7 Rc7 29. Rd6+ Rc6 30. Rd7 h5 31. h4 g5 32. Rh7 gxh4 33. Rxh5 Kc7 34. Rxh4 Kd6 35. Rh6 Ke6 36. g4 Kf7 37. Rh7+ Kg6 38. Rxb7 Kg5 39. Rxb5 Kxg4 40. Rc5 Rb6 41. b5 Kf3 42. Kc4 Kxf2 43. Rc6 Rb8 1/2-1/2